| 000 | 00882nam a2200241Ia 4500 | ||
|---|---|---|---|
| 003 | OSt | ||
| 005 | 20221005105611.0 | ||
| 006 | a|||||r|||| 00| 0 | ||
| 007 | ta | ||
| 008 | 221004b |||||||| |||| 00| 0 hin d | ||
| 024 | _a109951 | ||
| 037 | _cTextual | ||
| 040 |
_aCRL _cCRL _bhin |
||
| 041 |
_2hin _ahin |
||
| 082 | _aNT58, 152P2 | ||
| 100 | _aमिश्र, विश्वनाथ | ||
| 245 | 0 | _aस्तानिस्लाव्स्की चरित्र की रचना प्रक्रिया | |
| 246 | _aStānislāvskī charitra kī rachanā prakriyā | ||
| 260 |
_aनई दिल्ली _bराष्ट्रीय नाट्य विद्यालय भारत _c2002 |
||
| 300 |
_a194पृ0 _ccm. |
||
| 942 |
_hNT58, 152P2 _cTEXL _2cc |
||
| 999 |
_c1016304 _d1016304 |
||